[Event "US op 123nd"]
[Site "Grand Rapids"]
[Date "2023.08.06"]
[Round "9"]
[White "Vaibhav, Kalpaka"]
[Black "Burnett, Ronald"]
[Result "0-1"]
[WhiteElo "1963"]
[BlackElo "2288"]
[PlyCount "104"]
[EventDate "2023.07.29"]
[EventType "swiss"]
[EventRounds "9"]
[EventCountry "USA"]
[SourceTitle "CBM 215 Extra"]
[Source "ChessBase"]
[SourceDate "2023.09.30"]
[SourceVersion "1"]
[SourceVersionDate "2023.09.30"]
[SourceQuality "1"]

1. e4 d5 2. exd5 Qxd5 3. Nc3 Qa5 4. d4 Nf6 5. Nf3 Bg4 6. h3 Bxf3 7. Qxf3 c6 8. Bd3 e6 9. 0-0 Nbd7 10. Bf4 Qb6 11. Ne2 Be7 12. b4 0-0 13. c4 a6 14. a4 a5 15. bxa5 Qxa5 16. Rfb1 Ra7 17. Ra2 e5 18. dxe5 Nxe5 19. Bxe5 Qxe5 20. Ng3 Bc5 21. Re2 Qg5 22. Rbe1 Bd6 23. Nf5 Qf4 24. Qxf4 Bxf4 25. g3 Bb8 26. Bc2 g6 27. Nh6+ Kg7 28. Ng4 Nd7 29. Re8 h5 30. Rxf8 Kxf8 31. Ne3 Be5 32. Nf5 gxf5 33. Bxf5 Bc3 34. Rc1 Bd2 35. Rc2 Ne5 36. f4 Nf3+ 37. Kf2 Nd4 38. Rxd2 Nxf5 39. g4 hxg4 40. hxg4 Ng7 41. f5 Rxa4 42. f6 Ne8 43. g5 Rxc4 44. Kf3 b5 45. Rd8 b4 46. Rb8 Rc5 47. Kg4 Rb5 48. Ra8 b3 49. Ra1 b2 50. Rh1 Kg8 51. Rb1 Nxf6+ 52. Kh4 Rb4+ 0-1

[Event "US op 123nd"]
[Site "Grand Rapids"]
[Date "2023.08.01"]
[Round "4"]
[White "Burnett, Ronald"]
[Black "Weisz, Bryan"]
[Result "1-0"]
[WhiteElo "2288"]
[BlackElo "1981"]
[PlyCount "61"]
[EventDate "2023.07.29"]
[EventType "swiss"]
[EventRounds "9"]
[EventCountry "USA"]
[SourceTitle "CBM 215 Extra"]
[Source "ChessBase"]
[SourceDate "2023.09.30"]
[SourceVersion "1"]
[SourceVersionDate "2023.09.30"]
[SourceQuality "1"]

1. Nf3 g6 2. e4 c5 3. c3 d5 4. exd5 Qxd5 5. d4 Bg7 6. Be2 cxd4 7. cxd4 Nh6 8. Nc3 Qd8 9. 0-0 Nf5 10. d5 a6 11. Bf4 Nd7 12. Re1 0-0 13. Qd2 b5 14. Bd3 Nb6 15. Bxf5 Nc4 16. Qe2 Bxf5 17. Ne5 Qd6 18. a3 Rfc8 19. h3 Nxa3 20. g4 Qb4 21. Bg3 Nc2 22. gxf5 Nxa1 23. Rxa1 Bxe5 24. Bxe5 Qc4 25. Qxc4 Rxc4 26. f6 exf6 27. Bxf6 Rf4 28. Be5 Rf5 29. Bc7 b4 30. Ne4 Kg7 31. Rd1 1-0

[Event "Nashville-ch"]
[Site "Nashville"]
[Date "2023.01.20"]
[Round "1"]
[White "Burnett, Ronald"]
[Black "Andrews, Todd D"]
[Result "0-1"]
[WhiteElo "2361"]
[BlackElo "2291"]
[PlyCount "110"]
[EventDate "2023.01.20"]
[EventType "tourn"]
[EventRounds "10"]
[EventCountry "USA"]
[EventCategory "2"]
[SourceTitle "CBM 212 Extra"]
[Source "ChessBase"]
[SourceDate "2023.03.31"]
[SourceVersion "1"]
[SourceVersionDate "2023.03.31"]
[SourceQuality "1"]

1. Nf3 Nf6 2. g3 g6 3. Bg2 Bg7 4. 0-0 0-0 5. c4 d6 6. d4 Nbd7 7. d5 Re8 8. Nc3 e5 9. dxe6 Rxe6 10. Bf4 Nc5 11. Qc2 Re8 12. Rad1 Ne6 13. Bc1 a5 14. b3 Nc5 15. Ba3 Qe7 16. Nb5 Bf5 17. Qc1 Rad8 18. Nfd4 Bc8 19. Bb2 c6 20. Nc3 Nfd7 21. h3 Ne5 22. Qc2 Ne6 23. Nxe6 Bxe6 24. Kh2 f5 25. f4 Nd7 26. e4 Nc5 27. Rfe1 fxe4 28. Bxe4 Nxe4 29. Rxe4 Qf7 30. Ree1 Bf5 31. Qd2 Rxe1 32. Rxe1 d5 33. cxd5 cxd5 34. Nb5 d4 35. Nxd4 Bxd4 36. Bxd4 Qd5 37. Re7 Rc8 38. Bc3 Qxd2+ 39. Bxd2 Rc2 40. Re8+ Kf7 41. Rd8 Rxa2 42. g4 Be4 43. Kg3 Rb2 44. Bxa5 Rxb3+ 45. Kh2 h5 46. Rd4 Rb2+ 47. Rd2 Rb1 48. Bd8 b5 49. Kg3 hxg4 50. hxg4 b4 51. Kh4 b3 52. Kg5 Rg1 53. Bf6 Bf5 54. Rd6 Rxg4+ 55. Kh6 b2 0-1

[Event "US op 122nd"]
[Site "Rancho Mirage"]
[Date "2022.08.02"]
[Round "4"]
[White "Burnett, Ronald"]
[Black "Guo, Ethan"]
[Result "1/2-1/2"]
[WhiteElo "2310"]
[BlackElo "1837"]
[PlyCount "100"]
[EventDate "2022.07.30"]
[EventType "swiss"]
[EventRounds "9"]
[EventCountry "USA"]
[SourceTitle "CBM 209 Extra"]
[Source "ChessBase"]
[SourceDate "2022.09.30"]
[SourceVersion "1"]
[SourceVersionDate "2022.09.30"]
[SourceQuality "1"]

1. d4 d5 2. Nf3 Nf6 3. Bg5 e6 4. Nbd2 c5 5. e4 dxe4 6. Bxf6 gxf6 7. Nxe4 cxd4 8. Qxd4 Qxd4 9. Nxd4 f5 10. Bb5+ Ke7 11. Ng3 a6 12. Be2 Bg7 13. 0-0-0 Rd8 14. Nb3 Nc6 15. c3 b6 16. Bf3 Bb7 17. Rhe1 Rxd1+ 18. Kxd1 Rd8+ 19. Kc2 Kf8 20. a4 Rc8 21. Kb1 Nd8 22. Bxb7 Nxb7 23. Kc2 Rc4 24. a5 Nxa5 25. Nxa5 bxa5 26. Ra1 Rc5 27. Ne2 Be5 28. Ra4 Bf6 29. Nc1 Bd8 30. f4 Bc7 31. Nb3 Rb5 32. Rc4 Rb7 33. Nc5 Ra7 34. Nxa6 Bxf4 35. Rxf4 Rxa6 36. Ra4 e5 37. b4 Rg6 38. bxa5 Rxg2+ 39. Kd3 Ke7 40. a6 Rg8 41. a7 Ra8 42. Ra6 f4 43. Ke4 f6 44. h4 h5 45. c4 Kf7 46. c5 Ke7 47. Kd3 f3 48. Ke3 e4 49. Ra4 Kd7 50. Rxe4 Rxa7 1/2-1/2

[Event "US op 121st"]
[Site "Cherry Hill"]
[Date "2021.08.05"]
[Round "6"]
[White "Sorokin, Aleksey"]
[Black "Burnett, Ronald"]
[Result "1-0"]
[WhiteElo "2532"]
[BlackElo "2325"]
[PlyCount "35"]
[EventDate "2021.07.31"]
[EventType "swiss"]
[EventRounds "9"]
[EventCountry "USA"]
[SourceTitle "CBM 203 Extra"]
[Source "ChessBase"]
[SourceDate "2021.09.30"]
[SourceVersion "1"]
[SourceVersionDate "2021.09.30"]
[SourceQuality "1"]

1. d4 d5 2. c4 dxc4 3. e4 e5 4. Nf3 exd4 5. Bxc4 Bb4+ 6. Nbd2 Nc6 7. 0-0 Be6 8. Bxe6 fxe6 9. Qb3 Qd7 10. Nc4 0-0-0 11. Bg5 Rf8 12. Nfe5 Nxe5 13. Qxb4 Ng6 14. Rac1 b6 15. Rfd1 Nf6 16. Rxd4 Qe7 17. Nxb6+ axb6 18. Qxb6 1-0

[Event "US op 121st"]
[Site "Cherry Hill"]
[Date "2021.08.01"]
[Round "2"]
[White "Asish, Panda"]
[Black "Burnett, Ronald"]
[Result "0-1"]
[WhiteElo "1806"]
[BlackElo "2325"]
[PlyCount "136"]
[EventDate "2021.07.31"]
[EventType "swiss"]
[EventRounds "9"]
[EventCountry "USA"]
[SourceTitle "CBM 203 Extra"]
[Source "ChessBase"]
[SourceDate "2021.09.30"]
[SourceVersion "1"]
[SourceVersionDate "2021.09.30"]
[SourceQuality "1"]

1. e4 g6 2. d4 c6 3. c4 d5 4. Nc3 dxe4 5. Nxe4 Nh6 6. Nf3 Bg7 7. Be2 Nf5 8. Be3 Na6 9. 0-0 0-0 10. Qd2 c5 11. Rad1 cxd4 12. Nxd4 Nxe3 13. Qxe3 Qb6 14. b3 Bd7 15. Bf3 Nb4 16. a3 Nc6 17. Nxc6 Bxc6 18. Qxb6 axb6 19. a4 Rfd8 20. Rfe1 h6 21. Ng3 Bxf3 22. gxf3 e6 23. Ne4 Be5 24. c5 bxc5 25. Nxc5 Bd4 26. Rc1 Rd5 27. Nd3 Rad8 28. Rc7 Bf6 29. Nf4 R5d7 30. Rec1 Rxc7 31. Rxc7 Rd4 32. Nxe6 fxe6 33. Rxb7 Rd2 34. Rb6 Kf7 35. Rb7+ Ke8 36. Rb8+ Kd7 37. Rb7+ Kc6 38. Rh7 h5 39. Rh6 Bd4 40. Rxg6 Kd6 41. Kg2 Rxf2+ 42. Kg3 Rb2 43. Rh6 Be5+ 44. Kh4 Bf4 45. Rxh5 Rxh2+ 46. Kg4 Rxh5 47. Kxh5 Bd2 48. Kg4 Ke5 49. Kg3 Kd4 50. Kf2 Bc3 51. Ke2 Ba5 52. Kf2 Ke5 53. Ke3 Kf5 54. Ke2 Kf4 55. Kf2 Bb4 56. Ke2 e5 57. Kf2 Bc3 58. Ke2 Ba5 59. Kf2 Bb4 60. Ke2 Bc5 61. a5 Bb4 62. a6 Bc5 63. b4 Ba7 64. b5 Bb6 65. Kd3 Kxf3 66. Kc4 Ke4 67. Kc3 Kd5 68. Kd3 e4+ 0-1

[Event "North American op 30th"]
[Site "ICC INT"]
[Date "2020.12.27"]
[Round "3"]
[White "Santos Latasa, Jaime"]
[Black "Burnett, Ronald"]
[Result "1-0"]
[WhiteElo "2588"]
[BlackElo "2325"]
[PlyCount "47"]
[EventDate "2020.12.26"]
[EventType "swiss"]
[EventRounds "8"]
[EventCountry "USA"]
[SourceTitle "CBM 200 Extra"]
[Source "ChessBase"]
[SourceDate "2021.03.31"]
[SourceVersion "1"]
[SourceVersionDate "2021.03.31"]
[SourceQuality "1"]

1. Nf3 Nf6 2. c4 e6 3. g3 b6 4. Bg2 Bb7 5. 0-0 c5 6. Nc3 Be7 7. Re1 d5 8. cxd5 Nxd5 9. Nxd5 Qxd5 10. e4 Qd7 11. d4 cxd4 12. Nxd4 Nc6 13. Nb5 Rd8 14. Bf4 a6 15. Nc7+ Kf8 16. Qxd7 Rxd7 17. Red1 Rxd1+ 18. Rxd1 e5 19. Be3 Bc5 20. Bxc5+ bxc5 21. Rd7 Bc8 22. Rd6 Bb7 23. Nd5 Ke8 24. Bf1 1-0

[Event "USA National op 51st"]
[Site "ICC INT"]
[Date "2020.11.29"]
[Round "9"]
[White "Sheehan, Ethan"]
[Black "Burnett, Ronald"]
[Result "0-1"]
[WhiteElo "1845"]
[BlackElo "2325"]
[PlyCount "136"]
[EventDate "2020.11.27"]
[EventType "swiss"]
[EventRounds "9"]
[EventCountry "USA"]
[SourceTitle "CBM 199 Extra"]
[Source "ChessBase"]
[SourceDate "2021.01.31"]
[SourceVersion "1"]
[SourceVersionDate "2021.01.31"]
[SourceQuality "1"]

1. c4 g6 2. e4 Bg7 3. d4 d6 4. Nc3 Nc6 5. Be3 e5 6. d5 Nce7 7. Nf3 f5 8. exf5 gxf5 9. Ng5 Nf6 10. Be2 0-0 11. f3 Ng6 12. c5 h6 13. Ne6 Bxe6 14. dxe6 d5 15. Qb3 Rb8 16. 0-0-0 c6 17. Bd3 Ne7 18. Be2 Qc8 19. f4 e4 20. Bd4 Ne8 21. Bh5 Qxe6 22. Bxe8 Rfxe8 23. Ne2 Ng6 24. Qe3 b6 25. Bxg7 Kxg7 26. Nd4 Qf6 27. Qc3 Kh7 28. g3 Nf8 29. cxb6 Rxb6 30. Rhe1 Nd7 31. Nb3 Qxc3+ 32. bxc3 Kg6 33. Re3 Nf8 34. Kc2 Ne6 35. h3 Rd8 36. g4 c5 37. gxf5+ Kxf5 38. Rde1 Rdb8 39. c4 Nd4+ 40. Kc1 Nxb3+ 41. axb3 Rxb3 42. cxd5 Rxe3 43. Rxe3 Rd8 44. Ra3 Rxd5 45. Ra6 h5 46. Rxa7 Kxf4 47. Rf7+ Rf5 48. Re7 e3 49. Kd1 Kf3 50. Ke1 Rf4 51. Rh7 h4 52. Rc7 Rc4 53. Rf7+ Ke4 54. Re7+ Kd3 55. Rd7+ Rd4 56. Ra7 c4 57. Ra2 c3 58. Kd1 Rf4 59. Rd2+ Ke4 60. Re2 Rf1+ 61. Kc2 Rf2 62. Rxf2 exf2 63. Kxc3 f1Q 64. Kb4 Qc1 65. Ka5 Qb2 66. Ka6 Kd5 67. Ka7 Kc6 68. Ka8 Qb7# 0-1

[Event "USA National op 51st"]
[Site "ICC INT"]
[Date "2020.11.27"]
[Round "1"]
[White "Prasanna, Gracy"]
[Black "Burnett, Ronald"]
[Result "0-1"]
[WhiteElo "1846"]
[BlackElo "2325"]
[PlyCount "170"]
[EventDate "2020.11.27"]
[EventType "swiss"]
[EventRounds "9"]
[EventCountry "USA"]
[SourceTitle "CBM 199 Extra"]
[Source "ChessBase"]
[SourceDate "2021.01.31"]
[SourceVersion "1"]
[SourceVersionDate "2021.01.31"]
[SourceQuality "1"]

1. e4 g6 2. d4 d6 3. c3 Bg7 4. Nf3 Nf6 5. Bd3 0-0 6. 0-0 Nc6 7. Bf4 Qe8 8. h3 e5 9. dxe5 Nxe5 10. Nxe5 dxe5 11. Bh2 Bd7 12. Qe2 Bc6 13. Nd2 b6 14. Nc4 Nd7 15. Rad1 Nc5 16. Bc2 Bb5 17. b3 Qe6 18. Bg3 Na4 19. bxa4 Bxc4 20. Bd3 Bxd3 21. Qxd3 Qxa2 22. Qb5 Qe6 23. Qd5 Rfe8 24. Rd3 Qxd5 25. Rxd5 Re6 26. Rfd1 Bf6 27. f3 Rae8 28. a5 Rc6 29. Be1 Be7 30. Kf1 Bd6 31. Ke2 f6 32. Kd3 Kf7 33. Kc2 Ke6 34. Kb3 a6 35. Kc2 b5 36. Kb3 Re7 37. Rc1 Rc4 38. Rd2 Re8 39. Rcd1 Ra4 40. Ra2 Rxa2 41. Kxa2 c6 42. Kb3 Rb8 43. Bf2 h5 44. Bb6 f5 45. Re1 Rf8 46. c4 fxe4 47. Rxe4 Rf4 48. Be3 Rxe4 49. fxe4 Kd7 50. c5 Bc7 51. Kb4 h4 52. Bf2 Bd8 53. Be3 Ke6 54. Bd2 Kf7 55. Be3 g5 56. Bd2 Kg6 57. Bc3 Bf6 58. Bd2 g4 59. Bc3 gxh3 60. gxh3 Bg5 61. Bxe5 Bd2+ 62. Kb3 Bxa5 63. Kc2 Bd8 64. Kd3 a5 65. Bd4 a4 66. Bc3 Kf7 67. Bb4 Bf6 68. Ba3 Kg6 69. Kc2 Be5 70. Kd3 Kf6 71. Kc2 Bd4 72. Bb4 Ke5 73. Kd3 Bb2 74. Kc2 a3 75. Be1 Bd4 76. Kb3 Bxc5 77. Bxh4 Kxe4 78. Bf6 Bd4 79. Be7 Bb2 80. h4 Kd5 81. h5 c5 82. h6 b4 83. h7 c4+ 84. Ka2 b3+ 85. Kb1 c3 0-1

[Event "US Open-120"]
[Site "Orlando"]
[Date "2019.08.09"]
[Round "7"]
[White "Burnett, Ronald"]
[Black "Dragun, Kamil"]
[Result "0-1"]
[WhiteElo "2325"]
[BlackElo "2614"]
[PlyCount "92"]
[EventDate "2019.08.03"]
[EventType "swiss"]
[EventRounds "9"]
[EventCountry "USA"]
[SourceTitle "CBM 191 Extra"]
[Source "ChessBase"]
[SourceDate "2019.09.30"]
[SourceVersion "1"]
[SourceVersionDate "2019.09.30"]
[SourceQuality "1"]

1. d4 Nf6 2. c4 e6 3. g3 Bb4+ 4. Bd2 Be7 5. Bg2 d5 6. Nf3 c6 7. Qc2 Nbd7 8. 0-0 0-0 9. Bf4 b6 10. cxd5 cxd5 11. Rc1 Bb7 12. Nc3 Rc8 13. Qb3 a6 14. Bg5 b5 15. e3 h6 16. Bxf6 Nxf6 17. Ne5 Bd6 18. Nd3 Qe7 19. a4 b4 20. Ne2 a5 21. Qd1 Rc4 22. b3 Rxc1 23. Rxc1 Ne4 24. f3 Nf6 25. Bf1 Nd7 26. Qd2 h5 27. f4 Nf6 28. Nf2 g6 29. Rc2 h4 30. Qd3 Kg7 31. Qb5 Ra8 32. Nc1 hxg3 33. hxg3 Nh5 34. Nh1 g5 35. Rh2 Nf6 36. Qe2 Rg8 37. Nd3 Kf8 38. Ne5 gxf4 39. exf4 Bxe5 40. fxe5 Ne4 41. Rh5 Qc7 42. Qd3 Qc3 43. Kg2 Qb2+ 44. Kh3 Rxg3+ 45. Nxg3 Nf2+ 46. Kh4 Nxd3 0-1

[Event "US Seniors op 120th"]
[Site "Orlando"]
[Date "2019.08.06"]
[Round "6"]
[White "Burnett, Ronald"]
[Black "Koganov, Mikhail"]
[Result "1/2-1/2"]
[WhiteElo "2325"]
[BlackElo "2095"]
[PlyCount "89"]
[EventDate "2019.08.03"]
[EventType "swiss"]
[EventRounds "6"]
[EventCountry "USA"]
[SourceTitle "EXT 2020"]
[Source "ChessBase"]
[SourceDate "2019.10.17"]
[SourceVersion "1"]
[SourceVersionDate "2019.10.17"]
[SourceQuality "1"]

1. d4 d5 2. c4 dxc4 3. Nf3 Nf6 4. Nc3 c6 5. e3 Bf5 6. Bxc4 e6 7. Qe2 Ne4 8. 0-0 Nd7 9. Bd3 Nxc3 10. bxc3 Bxd3 11. Qxd3 Be7 12. c4 0-0 13. e4 Qa5 14. Bd2 Qh5 15. Rab1 Rfd8 16. Qe2 b6 17. Rfe1 Rac8 18. h3 f6 19. Bc3 Nf8 20. a4 Rd7 21. Rb3 g5 22. Bb2 Ng6 23. Bc1 Bd8 24. Be3 Rg7 25. Nh2 Qxe2 26. Rxe2 h5 27. Kf1 Bc7 28. Nf3 g4 29. hxg4 hxg4 30. Ne1 Rh7 31. g3 Kf7 32. Ra2 c5 33. dxc5 Ne5 34. cxb6 axb6 35. Ke2 Kg6 36. Rc2 Ra8 37. Bxb6 Rxa4 38. Ng2 Nf3 39. Ke3 Bxb6+ 40. Rxb6 Ra3+ 41. Ke2 Nd4+ 42. Kd2 Nxc2 43. Nf4+ Kh6 44. Kxc2 Rc7 45. Rxe6 1/2-1/2

[Event "US Seniors op 120th"]
[Site "Orlando"]
[Date "2019.08.05"]
[Round "4"]
[White "Burnett, Ronald"]
[Black "Schill, William"]
[Result "1/2-1/2"]
[WhiteElo "2325"]
[BlackElo "2173"]
[PlyCount "40"]
[EventDate "2019.08.03"]
[EventType "swiss"]
[EventRounds "6"]
[EventCountry "USA"]
[SourceTitle "EXT 2020"]
[Source "ChessBase"]
[SourceDate "2019.10.17"]
[SourceVersion "1"]
[SourceVersionDate "2019.10.17"]
[SourceQuality "1"]

1. d4 Nf6 2. c4 g6 3. Nc3 Bg7 4. e4 d6 5. Be2 0-0 6. Bg5 Na6 7. Nf3 h6 8. Bh4 g5 9. Bg3 Nh5 10. Qd2 e6 11. h3 Nxg3 12. fxg3 c5 13. d5 Qa5 14. 0-0 exd5 15. exd5 f5 16. g4 Qd8 17. gxf5 Bxf5 18. Bd3 Nc7 19. Rae1 Qd7 20. b3 Rae8 1/2-1/2

[Event "US Seniors op 120th"]
[Site "Orlando"]
[Date "2019.08.04"]
[Round "2"]
[White "Burnett, Ronald"]
[Black "Malazarte, Ernesto L"]
[Result "1-0"]
[WhiteElo "2325"]
[BlackElo "1862"]
[PlyCount "148"]
[EventDate "2019.08.03"]
[EventType "swiss"]
[EventRounds "6"]
[EventCountry "USA"]
[SourceTitle "EXT 2020"]
[Source "ChessBase"]
[SourceDate "2019.10.17"]
[SourceVersion "1"]
[SourceVersionDate "2019.10.17"]
[SourceQuality "1"]

1. c4 Nf6 2. g3 c6 3. Qa4 d5 4. cxd5 Nxd5 5. Nf3 Nd7 6. Nc3 e6 7. Bg2 Nc5 8. Qd1 Be7 9. 0-0 0-0 10. d4 Nd7 11. Qc2 b6 12. Rd1 Bb7 13. e4 N5f6 14. Bf4 Nh5 15. Be3 Nhf6 16. Rac1 Rc8 17. Qa4 a5 18. e5 b5 19. Qb3 Ne8 20. Ne4 h6 21. Nc5 Qc7 22. Nxe6 fxe6 23. Qxe6+ Rf7 24. d5 Nf8 25. Qg4 Rd8 26. d6 Nxd6 27. exd6 Rxd6 28. Bf4 Rxd1+ 29. Rxd1 Qc8 30. Qxc8 Bxc8 31. Ne5 Rf6 32. Nxc6 Ng6 33. Nxe7+ Nxe7 34. Bc7 Be6 35. a3 a4 36. Bd8 Kf7 37. Bf1 Rf5 38. Re1 Nc6 39. Rd1 Ne5 40. Ba5 Nc4 41. Bc3 Rd5 42. Re1 Rc5 43. Bd4 Rc6 44. Bg2 Rd6 45. Bc3 Bd5 46. Bh3 g6 47. Bb4 Rd8 48. Re7+ Kg8 49. Rd7 Rxd7 50. Bxd7 Nxb2 51. Bxb5 Bc4 52. Be8 Bf7 53. Bc6 Bb3 54. f4 Nd3 55. Bc3 Nc5 56. Kf2 Kf7 57. Ke3 Ne6 58. g4 Nd8 59. Bb5 Ne6 60. f5 gxf5 61. gxf5 Nc7 62. Bd7 Nd5+ 63. Kd3 Nxc3 64. Kxc3 Kf6 65. Kb4 Bc2 66. Bxa4 Bxf5 67. Bb3 Bd7 68. Bc4 Ke5 69. Bb5 Bc8 70. Kc5 h5 71. a4 h4 72. a5 h3 73. Kc6 Kd4 74. Bf1 Bf5 1-0

[Event "Dulles Cherry Blossom op"]
[Site "Dulles"]
[Date "2018.05.28"]
[Round "6"]
[White "Zimmer, Ralph"]
[Black "Burnett, Ronald"]
[Result "0-1"]
[WhiteElo "2149"]
[BlackElo "2314"]
[PlyCount "56"]
[EventDate "2018.05.25"]
[EventType "swiss"]
[EventRounds "7"]
[EventCountry "USA"]
[SourceTitle "CBM 184 Extra"]
[Source "ChessBase"]
[SourceDate "2018.06.28"]
[SourceVersion "1"]
[SourceVersionDate "2018.06.28"]
[SourceQuality "1"]

1. d4 g6 2. Nf3 Bg7 3. c3 d6 4. e4 Nd7 5. Bg5 Ngf6 6. Nbd2 0-0 7. Bc4 h6 8. Bh4 e5 9. dxe5 Nxe5 10. Nxe5 dxe5 11. 0-0 Qe7 12. Qe2 c6 13. a4 Qc7 14. a5 Bd7 15. b4 b5 16. Ba2 c5 17. c4 bxc4 18. bxc5 Qxa5 19. Bxc4 Qxc5 20. Nb3 Qe7 21. Ra6 g5 22. Bg3 Rfc8 23. Rfa1 Qb4 24. Na5 Qc3 25. Qa2 Nxe4 26. Bxf7+ Kh8 27. f3 Qe3+ 28. Kh1 Rc5 0-1

[Event "Columbus op"]
[Site "Columbus"]
[Date "2017.06.25"]
[Round "5"]
[White "Mills, James A"]
[Black "Burnett, Ronald"]
[Result "0-1"]
[WhiteElo "2097"]
[BlackElo "2318"]
[PlyCount "121"]
[EventDate "2017.06.23"]
[EventType "swiss"]
[EventRounds "5"]
[EventCountry "USA"]
[SourceTitle "EXT 2023"]
[Source "ChessBase"]
[SourceDate "2022.10.05"]
[SourceVersion "1"]
[SourceVersionDate "2022.10.05"]
[SourceQuality "1"]

1. c4 b6 2. Nc3 Bb7 3. Nf3 e6 4. d4 Bb4 5. g3 c5 6. Bg2 cxd4 7. Qxd4 Nf6 8. 0-0 Nc6 9. Qh4 Na5 10. Bd2 Rc8 11. b3 d5 12. Rfd1 Be7 13. cxd5 Nxd5 14. Qh3 Bf6 15. Rac1 0-0 16. Nxd5 Bxd5 17. Bb4 Rxc1 18. Rxc1 Re8 19. Rd1 Qc7 20. Ne1 Nc6 21. Bd2 Nd4 22. e3 Ne2+ 23. Kh1 Rd8 24. e4 Bb7 25. Qg4 Ba6 26. Bf3 Nd4 27. Rc1 Qb8 28. Bf4 e5 29. Be3 Bc8 30. Qh5 g6 31. Qh6 Bg7 32. Qh4 Be6 33. Bg2 Ne2 34. Ra1 Rd7 35. Bf3 Nd4 36. Bg2 f6 37. Rc1 Qe8 38. g4 Ne2 39. Rc2 Nf4 40. Bf3 Qd8 41. Qg3 g5 42. Rc1 Bf8 43. Qg1 Ba3 44. Rb1 Bc5 45. Bxc5 bxc5 46. Qf1 Rd2 47. Qb5 Rxf2 48. Rd1 Rd2 49. Rc1 Qb6 50. Qe8+ Kg7 51. Qe7+ Bf7 52. Rxc5 Ng6 53. Qc7 Qxc7 54. Rxc7 Rxa2 55. Kg1 Kf8 56. b4 Nh4 57. Bg2 a6 58. Bf1 Bg6 59. Rc6 Kg7 60. Rxa6 Rb2 61. Ra7+ 0-1

[Event "Atlantic City Millionaire op"]
[Site "Atlantic City"]
[Date "2016.10.08"]
[Round "6"]
[White "Burnett, Ronald"]
[Black "Kaliksteyn, Alexander"]
[Result "0-1"]
[WhiteElo "2317"]
[BlackElo "2412"]
[PlyCount "58"]
[EventDate "2016.10.06"]
[EventType "swiss"]
[EventRounds "9"]
[EventCountry "USA"]
[SourceTitle "EXT 2017"]
[Source "ChessBase"]
[SourceDate "2016.10.25"]
[SourceVersion "1"]
[SourceVersionDate "2016.10.25"]
[SourceQuality "1"]

1. d4 d5 2. c4 e6 3. Nf3 c6 4. Nbd2 Nf6 5. g3 c5 6. Bg2 Nc6 7. dxc5 Bxc5 8. 0-0 0-0 9. a3 a5 10. Qc2 Qe7 11. Nb3 Bb6 12. Bg5 h6 13. Bxf6 Qxf6 14. Rad1 a4 15. Nc5 Bxc5 16. cxd5 exd5 17. Qxc5 Qxb2 18. Rd2 Qb3 19. Nd4 Nxd4 20. Bxd5 Ne6 21. Qxf8+ Kxf8 22. Bxb3 axb3 23. Rc1 b6 24. Rc6 Rb8 25. a4 Ba6 26. Rc3 Nc5 27. Rd4 b2 28. Rb4 Nxa4 29. Ra3 Rc8 0-1

[Event "Atlantic City Millionaire op"]
[Site "Atlantic City"]
[Date "2016.10.07"]
[Round "4"]
[White "Burnett, Ronald"]
[Black "Yang, Kaiqi"]
[Result "0-1"]
[WhiteElo "2317"]
[BlackElo "2392"]
[PlyCount "58"]
[EventDate "2016.10.06"]
[EventType "swiss"]
[EventRounds "9"]
[EventCountry "USA"]
[SourceTitle "EXT 2017"]
[Source "ChessBase"]
[SourceDate "2016.10.25"]
[SourceVersion "1"]
[SourceVersionDate "2016.10.25"]
[SourceQuality "1"]

1. d4 Nf6 2. c4 g6 3. Nc3 d5 4. Nf3 Bg7 5. Bg5 Ne4 6. Bh4 Nxc3 7. bxc3 dxc4 8. Qa4+ Qd7 9. Qxc4 b6 10. Bg3 c5 11. Ne5 Bxe5 12. Bxe5 Ba6 13. Qb3 0-0 14. d5 Qf5 15. Bg3 c4 16. Qa4 Qxd5 17. Rd1 Qb5 18. Qc2 Nc6 19. h4 h5 20. f3 Rad8 21. Rb1 Qa5 22. e3 Rd7 23. Be2 Rfd8 24. Rd1 Rxd1+ 25. Bxd1 Rd3 26. 0-0 Rxc3 27. Qe4 Qc5 28. Bf2 Rc1 29. f4 c3 0-1

[Event "Chicago op 25th"]
[Site "Chicago"]
[Date "2016.05.28"]
[Round "4"]
[White "Burnett, Ronald"]
[Black "Sarkar, Justin"]
[Result "1/2-1/2"]
[WhiteElo "2322"]
[BlackElo "2430"]
[PlyCount "55"]
[EventDate "2016.05.26"]
[EventType "swiss"]
[EventRounds "9"]
[EventCountry "USA"]
[SourceTitle "CBM 172 Extra"]
[Source "ChessBase"]
[SourceDate "2016.06.21"]
[SourceVersion "1"]
[SourceVersionDate "2016.06.21"]
[SourceQuality "1"]

1. d4 Nf6 2. c4 g6 3. g3 d5 4. cxd5 Nxd5 5. Bg2 Bg7 6. Nf3 Nb6 7. 0-0 Nc6 8. e3 e5 9. Nc3 exd4 10. exd4 0-0 11. Bg5 f6 12. Qb3+ Rf7 13. Be3 Na5 14. Qc2 Nac4 15. Rad1 c6 16. d5 Nxe3 17. fxe3 cxd5 18. Nxd5 Be6 19. Nf4 Qe8 20. Nd4 Bg4 21. Rde1 Rd8 22. Qb3 Kh8 23. Nfe6 Bxe6 24. Nxe6 Rc8 25. Rc1 Rxc1 26. Rxc1 Re7 27. Nxg7 Kxg7 28. Rc3 1/2-1/2

[Event "Georgia-ch"]
[Site "Atlanta"]
[Date "2016.04.30"]
[Round "2"]
[White "Wu, Logan"]
[Black "Burnett, Ronald"]
[Result "1/2-1/2"]
[WhiteElo "1860"]
[BlackElo "2322"]
[PlyCount "81"]
[EventDate "2016.04.29"]
[EventType "swiss"]
[EventRounds "5"]
[EventCountry "USA"]
[SourceTitle "CBM 172 Extra"]
[Source "ChessBase"]
[SourceDate "2016.06.21"]
[SourceVersion "1"]
[SourceVersionDate "2016.06.21"]
[SourceQuality "1"]

1. e4 g6 2. d4 Bg7 3. Nc3 d6 4. f4 Nd7 5. Nf3 a6 6. Bc4 e6 7. a4 d5 8. exd5 Nb6 9. Qe2 Nxc4 10. Qxc4 Ne7 11. dxe6 Bxe6 12. Qd3 Nc6 13. Be3 Nb4 14. Qd2 Bf5 15. Rc1 0-0 16. 0-0 Re8 17. Bf2 Qd6 18. Nh4 Bd7 19. Rfe1 Bc6 20. Rcd1 Bh6 21. Bg3 Rxe1+ 22. Rxe1 Rd8 23. Rd1 Bg7 24. Bf2 Nd5 25. Nxd5 Qxd5 26. b3 Bf6 27. Nf3 Qh5 28. Ne5 Bxe5 29. fxe5 Qg4 30. Bg3 h5 31. c3 h4 32. Bf4 Bxg2 33. Kf2 Qf3+ 34. Kg1 Bh3 35. Re1 g5 36. Bxg5 Qg4+ 37. Kh1 Qf3+ 38. Kg1 Qg4+ 39. Kh1 Qf3+ 40. Kg1 Qg4+ 41. Kh1 1/2-1/2

[Event "Saint Louis GM 7th"]
[Site "Saint Louis"]
[Date "2015.07.21"]
[Round "9"]
[White "Diamant, Andre"]
[Black "Burnett, Ronald"]
[Result "1/2-1/2"]
[WhiteElo "2472"]
[BlackElo "2339"]
[PlyCount "91"]
[EventDate "2015.07.16"]
[EventType "tourn"]
[EventRounds "9"]
[EventCountry "USA"]
[EventCategory "10"]
[SourceTitle "CBM 167 Extra"]
[Source "ChessBase"]
[SourceDate "2015.09.14"]
[SourceVersion "1"]
[SourceVersionDate "2015.09.14"]
[SourceQuality "1"]

1. c4 e5 2. Nc3 c5 3. g3 Nc6 4. Bg2 g6 5. a3 a5 6. e3 Bg7 7. Nge2 Nge7 8. d3 d6 9. Rb1 0-0 10. 0-0 Rb8 11. Bd2 Be6 12. Nd5 b5 13. cxb5 Rxb5 14. Nec3 Rb8 15. Qa4 Bd7 16. Qc2 Bf5 17. Rfd1 Bg4 18. Rdc1 Be6 19. Be1 h5 20. h4 f5 21. Qa4 Bd7 22. Qc4 Kh7 23. b4 axb4 24. axb4 Nxb4 25. Nxb4 cxb4 26. Rxb4 Rc8 27. Qa6 d5 28. Rcb1 Bc6 29. Ne2 d4 30. exd4 Bxg2 31. Kxg2 f4 32. Kg1 fxg3 33. fxg3 Nc6 34. d5 Nxb4 35. Bxb4 Rf6 36. d6 Rb8 37. Nc3 Rxb4 38. Rxb4 Rxd6 39. Qa7 Rd7 40. Qf2 Rxd3 41. Ne4 Rd1+ 42. Kh2 Qd5 43. Ng5+ Kh6 44. Nf7+ Kh7 45. Ng5+ Kh6 46. Nf7+ 1/2-1/2